MARC details
| 000 -LEADER |
| fixed length control field |
01569cam a22003373a 4500 |
| 001 - CONTROL NUMBER |
| control field |
21027 |
| 003 - CONTROL NUMBER IDENTIFIER |
| control field |
PGUSA |
| 005 - DATE AND TIME OF LATEST TRANSACTION |
| control field |
20140828083440.0 |
| 008 - FIXED-LENGTH DATA ELEMENTS--GENERAL INFORMATION |
| fixed length control field |
070410s2007||||xxu|||||s|||||000 | eng d |
| 040 ## - CATALOGING SOURCE |
| Original cataloging agency |
PGUSA |
| Language of cataloging |
eng |
| 042 ## - AUTHENTICATION CODE |
| Authentication code |
dc |
| 050 #4 - LIBRARY OF CONGRESS CALL NUMBER |
| Classification number |
KD |
| 245 14 - TITLE STATEMENT |
| Title |
The Trial of Charles Random de Berenger, Sir Thomas Cochrane, : |
| Remainder of title |
commonly called Lord Cochrane, the Hon. Andrew Cochrane Johnstone, Richard Gathorne Butt, Ralph Sandom, Alexander M'Rae, John Peter Holloway, and Henry Lyte for A Conspiracy In the Court of King's Bench, Guildhall, on Wednesday the 8th, and Thursday the 9th of June, 1814 |
| Medium |
[electronic resource] |
| 260 ## - PUBLICATION, DISTRIBUTION, ETC. (IMPRINT) |
| Name of publisher, distributor, etc |
Project Gutenberg, |
| Date of publication, distribution, etc |
2007 |
| 506 ## - RESTRICTIONS ON ACCESS NOTE |
| Terms governing access |
Public domain in the USA. |
| 516 ## - TYPE OF COMPUTER FILE OR DATA NOTE |
| Type of computer file or data note |
Electronic text |
| 653 ## - INDEX TERM--UNCONTROLLED |
| Uncontrolled term |
Butt, Richard Gathorne -- Trials, litigation, etc. |
| 653 ## - INDEX TERM--UNCONTROLLED |
| Uncontrolled term |
Johnstone, Andrew James Cochrane, b. 1767 -- Trials, litigation, etc. |
| 653 ## - INDEX TERM--UNCONTROLLED |
| Uncontrolled term |
Napoleonic Wars, 1800-1815 |
| 653 ## - INDEX TERM--UNCONTROLLED |
| Uncontrolled term |
Sandom, Richard -- Trials, litigation, etc. |
| 653 ## - INDEX TERM--UNCONTROLLED |
| Uncontrolled term |
Lyte, Henry -- Trials, litigation, etc. |
| 653 ## - INDEX TERM--UNCONTROLLED |
| Uncontrolled term |
Trials (Fraud) -- England -- London |
| 653 ## - INDEX TERM--UNCONTROLLED |
| Uncontrolled term |
McRae, Alexander -- Trials, litigation, etc. |
| 653 ## - INDEX TERM--UNCONTROLLED |
| Uncontrolled term |
Holloway, John Peter -- Trials, litigation, etc. |
| 653 ## - INDEX TERM--UNCONTROLLED |
| Uncontrolled term |
Beaufain, Charles Random de Bérenger, baron de -- Trials, litigation, etc. |
| 653 ## - INDEX TERM--UNCONTROLLED |
| Uncontrolled term |
Dundonald, Thomas Cochrane, Earl of, 1775-1860 -- Trials, litigation, etc. |
| 700 1# - ADDED ENTRY--PERSONAL NAME |
| Personal name |
Gurney, William Brodie, |
| Dates associated with a name |
1777-1855 |
| 830 #0 - SERIES ADDED ENTRY--UNIFORM TITLE |
| Uniform title |
Project Gutenberg |
| Volume number/sequential designation |
21027 |
| 856 40 - ELECTRONIC LOCATION AND ACCESS |
| Uniform Resource Identifier |
<a href="http://www.gutenberg.org/ebooks/21027">http://www.gutenberg.org/ebooks/21027</a> |
| 942 ## - ADDED ENTRY ELEMENTS (KOHA) |
| Koha item type |
eBooks |